Energy Resources And Systems: Volume 1: Fundamentals And Non-Renewable Resources (Record no. 369658)
[ view plain ]
| 000 -LEADER | |
|---|---|
| fixed length control field | 00298 a2200109 4500 |
| 005 - DATE AND TIME OF LATEST TRANSACTION | |
| control field | 20260101120341.0 |
| 020 ## - INTERNATIONAL STANDARD BOOK NUMBER | |
| International Standard Book Number | 9789048123827 |
| 100 ## - MAIN ENTRY--PERSONAL NAME | |
| Personal name | Ghosh T.K. |
| 9 (RLIN) | 216132 |
| 245 ## - TITLE STATEMENT | |
| Title | Energy Resources And Systems: Volume 1: Fundamentals And Non-Renewable Resources |
| 260 ## - PUBLICATION, DISTRIBUTION, ETC. (IMPRINT) | |
| Name of publisher, distributor, etc. | Springer |
| Date of publication, distribution, etc. | 2009 |
| 942 ## - ADDED ENTRY ELEMENTS (KOHA) | |
| Koha item type | Article |
| Withdrawn status | Lost status | Source of classification or shelving scheme | Reference No | Damaged status | Not for loan | Home library | Current library | Date acquired | Vendor | Cost, normal purchase price | Total Checkouts | Full call number | Barcode | Date last seen | Cost, replacement price | Bill Date | Koha item type |
|---|---|---|---|---|---|---|---|---|---|---|---|---|---|---|---|---|---|
| Dewey Decimal Classification | Ref 949 I (70092) | Reference | Cummins College of Engineering for Women Pune | Cummins College of Engineering for Women Pune | 05/01/2026 | 115 | 3655.02 | 333.79 GHO | CCEP-BK-70092 | 05/01/2026 | 5221.46 | 05/01/2026 | Books |